<Los> mercados financieros

Uložené v:
Podrobná bibliografia
Ďalší autori: Campuzano Laguillo, Ana Belen, Lantero, Fernando Conlledo, Zurdo, Ricardo J. Palomo
Médium: Kniha
Jazyk:Spanish
Vydavateľské údaje: Valencia Tirant lo Blanch 2013
Predmet:
Tagy: Pridať tag
Žiadne tagy, Buďte prvý, kto otaguje tento záznam!

MARC

LEADER 00000nam a2200000 4500
001 0177178
005 20240311131300.7
020 |a 978-84-9033-591-8 
041 0 |a spa 
044 |a ES 
245 1 0 |a <Los> mercados financieros  |c dirección: Ana Belén Campuzano, Fernando Conlledo Lantero, Ricardo J. Palomo Zurdo 
264 1 |a Valencia  |b Tirant lo Blanch  |c 2013 
300 |a 980 s. 
610 2 0 |a trh finančný 
610 2 0 |a inštitúcie finančné 
610 2 0 |a banky 
610 2 0 |a politika finančná 
610 2 0 |a kontrola banková 
610 2 0 |a trh poistný 
610 2 0 |a trh burzový 
610 2 0 |a papiere cenné 
610 2 0 |a investovanie kolektívne 
610 2 0 |a Španielsko 
700 1 |a Campuzano Laguillo, Ana Belen 
700 1 |a Lantero, Fernando Conlledo 
700 1 |a Zurdo, Ricardo J. Palomo